000 01250nam a2200325Ia 4500
001 ebr10685072
003 CaPaEBR
006 m u
007 cr cn|||||||||
008 121129s2013 miua sb 001 0beng d
020 _z0472118900
020 _z9780472029341
020 _z9780472118908
040 _aCaPaEBR
_cCaPaEBR
035 _a(OCoLC)846992900
050 1 4 _aD839.7.H36
_bL57 2013eb
100 1 _aLipsey, Roger.
245 1 0 _aHammarskjold
_h[electronic resource] :
_ba life /
_cRoger Lipsey.
260 _aAnn Arbor, MI :
_bUniv Of Michigan Press,
_cc2013.
300 _axix, 738 p. :
_bill., front.
504 _aIncludes bibliographical references (p. [693]-709) and index.
533 _aElectronic reproduction.
_bPalo Alto, Calif. :
_cebrary,
_d2013.
_nAvailable via World Wide Web.
_nAccess may be limited to ebrary affiliated libraries.
600 1 0 _aHammarskjold, Dag,
_d1905-1961.
610 2 0 _aUnited Nations
_vBiography.
650 0 _aWorld politics
_y1955-1965.
650 0 _aStatesmen
_zSweden
_vBiography.
655 7 _aElectronic books.
_2local
710 2 _aebrary, Inc.
856 4 0 _uhttp://site.ebrary.com/lib/rucke/Doc?id=10685072
_zAn electronic book accessible through the World Wide Web; click to view
999 _c12924
_d12924